000 00672nam a2200229Ia 4500
001 17066
003 GE_BSU
008 181216s||||||||xx |||||||||||||| ||und||
040 _cGE_BSU
080 _a821.353.1-1
100 _aამაშუკელი, რ. (რეზო)
245 _aაკმე
245 _bლექსები
245 _cრედ.: ლია შარვაშიძე ; მხატვ.: გოგი წერეთელი
260 _aთბილისი
260 _bმერანი
260 _c1996
300 _a360 გვ. ; 20 სმ
653 _aაკმე
653 _aლექსები
942 _cBK
999 _c50128
_d50128